[Event "European Rapid Championship 2021"]
[Site "Katowice"]
[Date "2021.12.18"]
[Round "4.2"]
[White "Lach, Aleksandra"]
[Black "Papasimakopoulos, Alexandros"]
[Result "0-1"]
[WhiteElo "2132"]
[BlackElo "2274"]
[Annotator "NA"]
[PlyCount "104"]
[EventDate "2021.12.18"]
[EventType "swiss"]
[EventCountry "POL"]
[SourceTitle "playchess.com"]
[Source "ChessBase"]
[SourceQuality "1"]
[TimeControl "900+10"]

1. e4 {[%emt 0:00:05]} e6 {[%emt 0:00:01]} 2. d3 {[%emt 0:00:03]} d5 {[%emt 0:
00:01]} 3. Nd2 {[%emt 0:00:01]} c5 {[%emt 0:00:03]} 4. Ngf3 {[%emt 0:00:06]}
Nc6 {[%emt 0:00:01]} 5. g3 {[%emt 0:00:04]} Nge7 {[%emt 0:00:02]} 6. Bg2 {
[%emt 0:00:01]} g6 {[%emt 0:00:02]} 7. O-O {[%emt 0:00:18]} Bg7 {[%emt 0:00:01]
} 8. c3 {[%emt 0:00:01]} h6 {[%emt 0:00:06]} 9. Qe2 {[%emt 0:00:40]} a5 {
[%emt 0:00:05]} 10. a4 {[%emt 0:00:29]} b6 {[%emt 0:00:02]} 11. c4 {[%emt 0:02:
55]} dxc4 {[%emt 0:00:26]} 12. Nxc4 {[%emt 0:00:11]} O-O {[%emt 0:00:12]} 13.
e5 {[%emt 0:00:46]} Ba6 {[%emt 0:00:10]} 14. h4 {[%emt 0:00:35]} Ra7 {[%emt 0:
00:09]} 15. Bd2 {[%emt 0:00:43]} Rd7 {[%emt 0:00:09]} 16. Ra3 {[%emt 0:02:40]}
Nf5 {[%emt 0:02:03]} 17. Rc1 {[%emt 0:02:13]} Nb4 {[%emt 0:00:22]} 18. Ne1 {
[%emt 0:01:29]} Qc7 {[%emt 0:02:13]} 19. Bf4 {[%emt 0:00:38]} Nd5 {[%emt 0:00:
21]} 20. Qg4 {[%emt 0:01:24]} h5 {[%emt 0:00:10]} 21. Qh3 {[%emt 0:00:09]} Nxf4
{[%emt 0:00:07]} 22. gxf4 {[%emt 0:00:02]} Rd4 {[%emt 0:00:11]} 23. Be4 {
[%emt 0:00:04]} Bb7 {[%emt 0:00:45]} 24. f3 {[%emt 0:00:42]} Bh6 {[%emt 0:00:
16]} 25. Ng2 {[%emt 0:00:08]} Ba6 {[%emt 0:00:20]} 26. Rac3 {[%emt 0:00:34]}
Rfd8 {[%emt 0:00:06]} 27. b3 {[%emt 0:00:02]} Ne7 {[%emt 0:00:42]} 28. Nd6 {
[%emt 0:00:28]} R4xd6 {[%emt 0:00:11]} 29. exd6 {[%emt 0:00:02]} Qxd6 {[%emt 0:
00:01]} 30. Qg3 {[%emt 0:00:05]} f5 {[%emt 0:00:10]} 31. Kh1 {[%emt 0:00:38]}
fxe4 {[%emt 0:00:31]} 32. fxe4 {[%emt 0:00:00]} Kh7 {[%emt 0:00:08]} 33. R1c2 {
[%emt 0:00:42]} Nc6 {[%emt 0:00:07]} 34. Qh3 {[%emt 0:00:45]} Nd4 {[%emt 0:00:
16]} 35. Rf2 {[%emt 0:00:01]} Rf8 {[%emt 0:00:13]} 36. Rc1 {[%emt 0:00:11]}
Nxb3 {[%emt 0:00:05]} 37. Rd1 {[%emt 0:00:08]} c4 {[%emt 0:00:11]} 38. d4 {
[%emt 0:00:13]} Bb7 {[%emt 0:00:01]} 39. d5 {[%emt 0:00:03]} exd5 {[%emt 0:00:
09]} 40. e5 {[%emt 0:00:00]} Qe7 {[%emt 0:00:31]} 41. e6 {[%emt 0:00:18]} Rf5 {
[%emt 0:00:20]} 42. Ne3 {[%emt 0:00:06]} d4+ {[%emt 0:00:00]} 43. Ng2 {[%emt 0:
00:07]} Qxe6 {[%emt 0:00:07]} 44. Kg1 {[%emt 0:00:01]} d3 {[%emt 0:00:09]} 45.
Re1 {[%emt 0:00:01]} Qd6 {[%emt 0:00:16]} 46. Ne3 {[%emt 0:00:11]} d2 {[%emt 0:
00:31]} 47. Rd1 {[%emt 0:00:08]} Rxf4 {[%emt 0:00:07]} 48. Nxc4 {[%emt 0:00:12]
} Qd4 {[%emt 0:00:27]} 49. Ne3 {[%emt 0:00:12]} Rxf2 {[%emt 0:00:40]} 50. Kxf2
{[%emt 0:00:03]} Qxe3+ {[%emt 0:00:13]} 51. Qxe3 {[%emt 0:00:02]} Bxe3+ {
[%emt 0:00:01]} 52. Kxe3 {[%emt 0:00:01]} Bc8 {[%emt 0:00:03]} 0-1

[Event "European Rapid Championship 2021"]
[Site "Katowice"]
[Date "2021.12.18"]
[Round "4.3"]
[White "Balog, Imre"]
[Black "Szpar, Milosz"]
[Result "1-0"]
[WhiteElo "2629"]
[BlackElo "2315"]
[Annotator "TA"]
[PlyCount "57"]
[EventDate "2021.12.18"]
[EventType "swiss"]
[EventCountry "POL"]
[SourceTitle "playchess.com"]
[Source "ChessBase"]
[SourceQuality "1"]

{[%evp 9,57,0,-7,-8,0,2,7,-8,-13,-16,0,0,14,5,500,343,332,335,415,428,427,277,
263,248,281,273,274,269,272,258,268,256,280,294,290,284,307,291,302,297,335,
331,337,329,368,359,746,733,827,675]} 1. d4 Nf6 2. Bg5 d5 3. Nf3 c5 4. e3 Qb6
5. dxc5 Qxb2 6. Nbd2 {D03: 1 d4 d5 2 Nf3 Nf6 3 Bg5, including Torre Attack
with early ...d5.} Nc6 7. Rb1 (7. c4 $5 {[%cal Rg5f6]} e6 8. Qc1 $11) 7... Qc3
8. Bb5 {The position is equal.} Ne4 9. O-O {[#]} Nxg5 $146 ({Predecessor:} 9...
Qxc5 10. Nxe4 dxe4 11. Nd4 Bd7 12. Bh4 e5 13. Nxc6 Bxc6 14. Bxc6+ Qxc6 15. Qg4
b6 {0-1 (52) Admiraal,M (2498)-Tomczak,J (2603) Chess.com INT 2020}) 10. Nxg5 {
[%cal Od1f3]} e6 11. e4 d4 $2 {[%mdl 8192]} (11... Be7 $1 $11 {and Black stays
safe.} 12. exd5 exd5) 12. Nc4 {Black must now prevent Rb3.} d3 13. cxd3 ({Not} 
13. Qf3 Qf6 14. Ne5 Bxc5 $16) 13... Bxc5 14. Bxc6+ (14. Qh5 g6 15. Qh6 Bf8 $18)
14... bxc6 {[#]} 15. Nxf7 $1 {[%mdl 512]} O-O 16. Nfe5 {Threatens to win with
Qa4.} Ba6 {[#]} 17. Rc1 $1 Qd4 {[%cal Rf8f2]} 18. Nxc6 {Pair of Knights!} Qd7
19. Qa4 Bb7 20. N4a5 Bb6 {aiming for ...Bxa5.} 21. Nxb7 Qxb7 22. d4 Rf4 23. f3
Qd7 24. g3 Rf6 25. Kg2 Kh8 26. Qc4 Rh6 27. Ne5 Qe7 {[#]} (27... Qe8 28. f4 Rf6)
28. Qc8+ $3 $18 {[%mdl 512]} Qf8 (28... Qe8 29. Nf7+) 29. Nf7+ {Black did not
feel at home in the position after the opening.  Weighted Error Value: White=0.
16 (very precise) /Black=0.52} 1-0

[Event "European Rapid Championship 2021"]
[Site "Katowice"]
[Date "2021.12.18"]
[Round "4.3"]
[White "Pacuszka, Tomasz"]
[Black "Druckenthaner, Andreas"]
[Result "1-0"]
[WhiteElo "2193"]
[BlackElo "2291"]
[Annotator "NA"]
[PlyCount "71"]
[EventDate "2021.12.18"]
[EventType "swiss"]
[EventCountry "POL"]
[SourceTitle "playchess.com"]
[Source "ChessBase"]
[SourceQuality "1"]
[TimeControl "900+10"]

1. e4 {[%emt 0:00:01]} e5 {[%emt 0:00:01]} 2. Nf3 {[%emt 0:00:04]} Nc6 {
[%emt 0:00:01]} 3. Bb5 {[%emt 0:00:02]} Bc5 {[%emt 0:00:01]} 4. c3 {[%emt 0:00:
01]} f5 {[%emt 0:00:02]} 5. d4 {[%emt 0:00:02]} fxe4 {[%emt 0:00:01]} 6. Bxc6 {
[%emt 0:00:02]} dxc6 {[%emt 0:00:02]} 7. Nxe5 {[%emt 0:00:01]} Qd5 {[%emt 0:00:
06]} 8. O-O {[%emt 0:00:03]} Nf6 {[%emt 0:00:08]} 9. f4 {[%emt 0:00:02]} Bb6 {
[%emt 0:03:41]} 10. Be3 {[%emt 0:00:35]} c5 {[%emt 0:00:03]} 11. c4 {[%emt 0:
00:11]} Qd6 {[%emt 0:00:02]} 12. d5 {[%emt 0:00:15]} O-O {[%emt 0:00:24]} 13.
Nc3 {[%emt 0:00:05]} h5 {[%emt 0:00:41]} 14. h3 {[%emt 0:00:18]} Bf5 {[%emt 0:
00:18]} 15. Qe2 {[%emt 0:02:28]} c6 {[%emt 0:00:27]} 16. dxc6 {[%emt 0:00:34]}
bxc6 {[%emt 0:00:03]} 17. Rad1 {[%emt 0:00:01]} Qe6 {[%emt 0:00:01]} 18. Na4 {
[%emt 0:00:48]} Rfd8 {[%emt 0:01:29]} 19. Nxc5 {[%emt 0:00:22]} Bxc5 {[%emt 0:
00:19]} 20. Bxc5 {[%emt 0:00:02]} a6 {[%emt 0:00:38]} 21. b3 {[%emt 0:00:12]}
g5 {[%emt 0:00:55]} 22. Qe3 {[%emt 0:01:39]} g4 {[%emt 0:00:03]} 23. Kh2 {
[%emt 0:00:48]} Nd7 {[%emt 0:00:30]} 24. Rd6 {[%emt 0:02:29]} Qe8 {[%emt 0:01:
18]} 25. Nxc6 {[%emt 0:01:29]} Rdc8 {[%emt 0:02:07]} 26. Ne7+ {[%emt 0:00:08]}
Kf7 {[%emt 0:00:22]} 27. Nxc8 {[%emt 0:00:30]} Rxc8 {[%emt 0:00:08]} 28. Ba3 {
[%emt 0:00:23]} Nf6 {[%emt 0:01:26]} 29. Qa7+ {[%emt 0:01:14]} Nd7 {[%emt 0:00:
23]} 30. Rfd1 {[%emt 0:00:33]} Rd8 {[%emt 0:00:06]} 31. Qe3 {[%emt 0:00:11]} a5
{[%emt 0:00:18]} 32. Bb2 {[%emt 0:00:05]} Qe7 {[%emt 0:00:14]} 33. c5 {[%emt 0:
00:12]} Rg8 {[%emt 0:00:28]} 34. c6 {[%emt 0:00:22]} gxh3 {[%emt 0:01:11]} 35.
gxh3 {[%emt 0:00:15]} Bg4 {[%emt 0:00:35]} 36. Rxd7 {[%emt 0:00:24]} 1-0

[Event "European Rapid Championship 2021"]
[Site "Katowice"]
[Date "2021.12.18"]
[Round "4.4"]
[White "Balacek, Tadeas"]
[Black "Dzhuguryan, Tygran"]
[Result "1/2-1/2"]
[WhiteElo "2354"]
[BlackElo "2047"]
[Annotator "NA"]
[PlyCount "69"]
[EventDate "2021.12.18"]
[EventType "swiss"]
[EventCountry "POL"]
[SourceTitle "playchess.com"]
[Source "ChessBase"]
[SourceQuality "1"]
[TimeControl "900+10"]

1. d4 {[%emt 0:00:03]} d5 {[%emt 0:00:14]} 2. c4 {[%emt 0:00:02]} e6 {[%emt 0:
00:05]} 3. Nf3 {[%emt 0:00:01]} Nf6 {[%emt 0:00:12]} 4. Nc3 {[%emt 0:00:04]}
Bb4 {[%emt 0:00:12]} 5. Qa4+ {[%emt 0:00:14]} Nc6 {[%emt 0:00:03]} 6. e3 {
[%emt 0:00:05]} O-O {[%emt 0:00:36]} 7. Bd2 {[%emt 0:00:06]} a6 {[%emt 0:03:18]
} 8. Qc2 {[%emt 0:00:07]} Re8 {[%emt 0:00:54]} 9. a3 {[%emt 0:00:18]} Bd6 {
[%emt 0:01:01]} 10. Be2 {[%emt 0:01:21]} h6 {[%emt 0:00:41]} 11. O-O {[%emt 0:
02:19]} dxc4 {[%emt 0:02:29]} 12. Bxc4 {[%emt 0:00:04]} e5 {[%emt 0:00:02]} 13.
dxe5 {[%emt 0:01:32]} Nxe5 {[%emt 0:00:03]} 14. Nxe5 {[%emt 0:00:04]} Bxe5 {
[%emt 0:00:01]} 15. h3 {[%emt 0:00:15]} b5 {[%emt 0:01:15]} 16. Be2 {[%emt 0:
01:06]} Bb7 {[%emt 0:00:09]} 17. Rad1 {[%emt 0:00:08]} Qe7 {[%emt 0:00:06]} 18.
Rfe1 {[%emt 0:01:24]} Ne4 {[%emt 0:01:13]} 19. Nxe4 {[%emt 0:01:47]} Bxe4 {
[%emt 0:00:03]} 20. Qc1 {[%emt 0:00:01]} c5 {[%emt 0:00:37]} 21. Bc3 {[%emt 0:
02:36]} Rad8 {[%emt 0:00:20]} 22. f3 {[%emt 0:00:25]} Bb7 {[%emt 0:00:37]} 23.
e4 {[%emt 0:00:41]} Bg3 {[%emt 0:01:04]} 24. Rxd8 Rxd8 {[%emt 0:00:54]} 25. Rd1
{[%emt 0:00:13]} g5 {[%emt 0:00:27]} 26. Kf1 {[%emt 0:02:50]} Bf4 {[%emt 0:00:
12]} 27. Qc2 {[%emt 0:00:02]} Rxd1+ {[%emt 0:00:09]} 28. Qxd1 {[%emt 0:00:08]}
Qd6 {[%emt 0:00:26]} 29. Qxd6 {[%emt 0:00:16]} Bxd6 {[%emt 0:00:01]} 30. Kf2 {
[%emt 0:00:02]} Kf8 {[%emt 0:00:22]} 31. Bf6 {[%emt 0:00:24]} Be7 {[%emt 0:00:
33]} 32. Be5 {[%emt 0:00:08]} f6 {[%emt 0:00:03]} 33. Bc3 {[%emt 0:00:01]} Kf7
{[%emt 0:00:04]} 34. Bd1 {[%emt 0:01:01]} Bd6 {[%emt 0:00:13]} 35. Ke3 {
[%emt 0:00:12]} 1/2-1/2

[Event "European Rapid Championship 2021"]
[Site "Katowice"]
[Date "2021.12.18"]
[Round "4.4"]
[White "Jagodzinski, Piotr"]
[Black "Laurusas, Tomas"]
[Result "0-1"]
[WhiteElo "2145"]
[BlackElo "2553"]
[Annotator "ChessBase"]
[PlyCount "76"]
[EventDate "2021.12.18"]
[EventType "swiss"]
[EventCountry "POL"]
[SourceTitle "playchess.com"]
[Source "ChessBase"]
[SourceQuality "1"]
[TimeControl "900+10"]

1. Nf3 {[%emt 0:00:01]} Nf6 {[%emt 0:00:09]} 2. b3 {[%emt 0:00:00]} d5 {
[%emt 0:00:44]} 3. Bb2 {[%emt 0:00:02]} Bf5 {[%emt 0:00:18]} 4. e3 {[%emt 0:00:
07]} e6 {[%emt 0:00:16]} 5. d4 {[%emt 0:00:41]} Nbd7 {[%emt 0:00:22]} 6. Bd3 {
[%emt 0:00:02]} Ne4 {[%emt 0:00:05]} 7. O-O {[%emt 0:00:11]} Bd6 {[%emt 0:01:
17]} 8. c4 {[%emt 0:00:01]} Qf6 {[%emt 0:00:57]} 9. Qc2 {[%emt 0:02:01]} c6 {
[%emt 0:01:11]} 10. Nbd2 {[%emt 0:03:57]} Qg6 {[%emt 0:01:44]} 11. Nh4 {
[%emt 0:02:10]} Qh6 {[%emt 0:03:28]} 12. g3 {[%emt 0:00:04]} Bh3 {[%emt 0:00:
36]} 13. Rfe1 {[%emt 0:01:02]} f5 {[%emt 0:00:13]} 14. Nhf3 {[%emt 0:03:03]}
O-O {[%emt 0:01:52]} 15. Ne5 {[%emt 0:00:33]} Nxe5 {[%emt 0:00:01]} 16. dxe5 {
[%emt 0:00:01]} Bb4 {[%emt 0:00:01]} 17. Bxe4 {[%emt 0:02:31]} fxe4 {[%emt 0:
01:10]} 18. cxd5 {[%emt 0:00:02]} cxd5 {[%emt 0:00:04]} 19. a3 {[%emt 0:01:19]}
Bxd2 {[%emt 0:01:30]} 20. Qxd2 {[%emt 0:00:01]} Bg4 {[%emt 0:00:14]} 21. f4 {
[%emt 0:00:00]} exf3 {[%emt 0:00:06]} 22. Qf2 {[%emt 0:00:01]} Bh3 {[%emt 0:00:
52]} 23. Rac1 {[%emt 0:00:12]} Bg2 {[%emt 0:00:15]} 24. e4 {[%emt 0:00:08]}
dxe4 {[%emt 0:00:09]} 25. Rxe4 {[%emt 0:00:00]} Rad8 {[%emt 0:00:07]} 26. Re3 {
[%emt 0:00:48]} Rf5 {[%emt 0:00:12]} 27. h4 {[%emt 0:00:12]} Rf7 {[%emt 0:00:
16]} 28. Rce1 {[%emt 0:00:12]} Rfd7 {[%emt 0:00:27]} 29. Bc1 {[%emt 0:00:01]}
Qg6 {[%emt 0:00:06]} 30. Rc3 {[%emt 0:00:16]} Qg4 {[%emt 0:00:19]} 31. Bg5 {
[%emt 0:00:08]} Qh3 {[%emt 0:00:15]} 32. Qe3 {[%emt 0:00:01]} Rd2 {[%emt 0:00:
28]} 33. Qxd2 {[%emt 0:00:11]} Rxd2 {[%emt 0:00:02]} 34. Rc8+ {[%emt 0:00:28]}
Kf7 {[%emt 0:00:02]} 35. Rc7+ {[%emt 0:00:01]} Kg6 {[%emt 0:00:08]} 36. Bxd2 {
[%emt 0:00:04]} Qxg3 {[%emt 0:00:02]} 37. h5+ {[%emt 0:00:31]} Kxh5 {[%emt 0:
00:02]} 38. Rxg7 {[%emt 0:00:09]} f2# {[%emt 0:00:01]} 0-1

[Event "European Rapid Championship 2021"]
[Site "Katowice"]
[Date "2021.12.18"]
[Round "4.5"]
[White "Fridman, Daniel"]
[Black "Fus, Jakub"]
[Result "1-0"]
[WhiteElo "2626"]
[BlackElo "2252"]
[Annotator "TA"]
[PlyCount "83"]
[EventDate "2021.12.18"]
[EventType "swiss"]
[EventCountry "POL"]
[SourceTitle "playchess.com"]
[Source "ChessBase"]
[SourceQuality "1"]

{[%evp 15,83,4,17,6,20,15,11,20,25,25,34,22,17,23,41,8,28,18,17,-21,18,10,117,
111,169,162,195,195,183,157,163,164,168,154,138,149,157,154,143,140,143,134,
137,123,154,150,208,198,181,131,193,197,213,198,233,239,243,243,410,394,435,
431,494,479,1026,1008,963,935,924,762]} 1. d4 Nf6 2. c4 e6 3. Nc3 d5 4. cxd5
exd5 5. Bg5 c6 6. e3 h6 7. Bh4 Be7 8. Bd3 O-O 9. h3 {9.Nge2 is becoming the
main line. D35: Queen's Gambit Declined: Exchange Variation.} Re8 10. Qc2 a5
11. Nge2 {The position is equal.} Na6 12. a3 {Inhibits Nb4.} Nc7 13. O-O {[#]}
Ne6 $146 ({Predecessor:} 13... Bd7 14. Na4 Ne6 15. Nc5 Nxc5 16. dxc5 Nh5 17.
Bxe7 Qxe7 18. b4 Qg5 19. Kh1 Qh4 {0-1 (31) Kozhuharov,S (2422)-Benkovic,P 
(2399) Chess.com INT 2020}) 14. Bg3 Bd6 15. Rad1 Ng5 16. Bxd6 Qxd6 17. Ng3 {
[%cal Be2g3,Bg3e4,Be4c5][%mdl 32]} Bd7 {[%cal Oe8e3]} (17... Rxe3 {keeps more
tension.} 18. fxe3 Qxg3 19. Kh1 Qxe3 20. Qe2 Qxe2 21. Nxe2 Nge4) 18. Rfe1 Re7 (
18... b6 $11 {remains equal.}) 19. h4 $16 Ngh7 {[#]} (19... Nge4 $16 {was
worth a try.} 20. Ncxe4 (20. Bxe4 dxe4 21. Ra1 Qe6 $11) 20... dxe4 21. Nxe4
Nxe4 22. Bxe4 Ree8) 20. e4 $1 $18 {aiming for e5.} dxe4 21. Ncxe4 ({But not} 
21. Ngxe4 $6 Nxe4 22. Nxe4 Qe6 $16) 21... Nxe4 22. Nxe4 Qxd4 23. Bf1 Qe5 24.
Nc5 Bf5 25. Rxe5 Bxc2 26. Rxe7 Bxd1 27. Bc4 ({Much less strong is} 27. Nxb7 $6
Bb3 $14) 27... Bh5 28. Nxb7 {White is much more active.} Nf6 29. f3 Bg6 30. Rc7
Ra7 (30... Kf8 $16 31. Rxc6 Rb8) 31. Rc8+ Kh7 32. Nc5 (32. Nd8 $18) 32... Nd5 (
32... Nd7 $16) 33. Rxc6 Ne3 {[#]} 34. Ba6 Nf5 35. b4 axb4 36. axb4 {[%cal
Ba3b4,Bb4b5,Bb5b6,Bb6b7][%mdl 32] Threatens to win with b5.} Re7 $2 (36... Ne7
{was necessary.} 37. Rd6 Rc7) 37. Kf2 Nd4 38. Rd6 {White is clearly winning.}
Nc2 39. b5 Re5 {[#]} (39... Nb4 $142 40. b6 Nxa6 41. Nxa6 Bf5) 40. b6 $1 Nb4 {
[#]} (40... Re8 41. b7) 41. b7 $1 Re8 42. Nd7 {Weighted Error Value: White=0.
05 (flawless) /Black=0.33} 1-0

[Event "European Rapid Championship 2021"]
[Site "Katowice"]
[Date "2021.12.18"]
[Round "4.5"]
[White "Karpus, Michal"]
[Black "Kyc, Jerzy"]
[Result "1-0"]
[WhiteElo "2185"]
[BlackElo "2308"]
[Annotator "NA"]
[PlyCount "47"]
[EventDate "2021.12.18"]
[EventType "swiss"]
[EventCountry "POL"]
[SourceTitle "playchess.com"]
[Source "ChessBase"]
[SourceQuality "1"]
[TimeControl "900+10"]

1. e4 {[%emt 0:00:01]} c5 {[%emt 0:00:00]} 2. Nf3 {[%emt 0:00:02]} d6 {[%emt 0:
00:01]} 3. d4 {[%emt 0:00:01]} cxd4 {[%emt 0:00:01]} 4. Nxd4 {[%emt 0:00:01]}
Nf6 {[%emt 0:00:01]} 5. Nc3 {[%emt 0:00:02]} g6 {[%emt 0:00:01]} 6. Be3 {
[%emt 0:00:14]} Bg7 {[%emt 0:00:01]} 7. Be2 {[%emt 0:00:11]} O-O {[%emt 0:00:
03]} 8. Qd2 {[%emt 0:00:02]} Nc6 {[%emt 0:00:01]} 9. O-O-O {[%emt 0:00:03]}
Nxd4 {[%emt 0:00:21]} 10. Bxd4 {[%emt 0:00:03]} Be6 {[%emt 0:00:12]} 11. Kb1 {
[%emt 0:01:13]} Qc7 {[%emt 0:00:07]} 12. h4 {[%emt 0:01:17]} h5 {[%emt 0:00:26]
} 13. f4 {[%emt 0:01:03]} b5 {[%emt 0:00:24]} 14. f5 {[%emt 0:00:46]} Bc4 {
[%emt 0:01:40]} 15. Bf3 {[%emt 0:01:17]} b4 {[%emt 0:01:21]} 16. Nd5 {[%emt 0:
00:06]} Bxd5 {[%emt 0:00:11]} 17. exd5 {[%emt 0:00:02]} a5 {[%emt 0:01:34]} 18.
Qd3 {[%emt 0:00:54]} Kh7 {[%emt 0:03:33]} 19. fxg6+ {[%emt 0:00:32]} fxg6 {
[%emt 0:00:02]} 20. g4 {[%emt 0:01:15]} Nd7 {[%emt 0:03:32]} 21. gxh5 {[%emt 0:
00:31]} Ne5 {[%emt 0:01:23]} 22. Bxe5 {[%emt 0:00:15]} dxe5 {[%emt 0:00:12]}
23. Qxg6+ {[%emt 0:00:02]} Kh8 {[%emt 0:00:02]} 24. Be4 {[%emt 0:00:01]} 1-0

[Event "European Rapid Championship 2021"]
[Site "Katowice"]
[Date "2021.12.18"]
[Round "4.6"]
[White "Kosakowski, Jakub"]
[Black "Morkunas, Gustas"]
[Result "1/2-1/2"]
[WhiteElo "2438"]
[BlackElo "1907"]
[Annotator "ChessBase"]
[PlyCount "156"]
[EventDate "2021.12.18"]
[EventType "swiss"]
[EventCountry "POL"]
[SourceTitle "playchess.com"]
[Source "ChessBase"]
[SourceQuality "1"]
[TimeControl "900+10"]

1. e4 {[%emt 0:00:03]} c5 {[%emt 0:00:01]} 2. Nf3 {[%emt 0:00:03]} e6 {[%emt 0:
00:02]} 3. b3 {[%emt 0:00:05]} d6 {[%emt 0:01:19]} 4. Bb2 {[%emt 0:00:04]} Nf6
{[%emt 0:00:05]} 5. Nc3 {[%emt 0:00:47]} a6 {[%emt 0:00:12]} 6. a4 {[%emt 0:00:
22]} Nc6 {[%emt 0:00:17]} 7. Be2 {[%emt 0:00:05]} Be7 {[%emt 0:00:04]} 8. O-O {
[%emt 0:00:03]} O-O {[%emt 0:00:03]} 9. d4 {[%emt 0:00:02]} cxd4 {[%emt 0:00:
07]} 10. Nxd4 {[%emt 0:00:02]} Qc7 {[%emt 0:00:49]} 11. Nxc6 {[%emt 0:00:07]}
bxc6 {[%emt 0:01:16]} 12. f4 {[%emt 0:00:13]} Bb7 {[%emt 0:00:52]} 13. Bd3 {
[%emt 0:00:15]} c5 {[%emt 0:00:32]} 14. Qf3 {[%emt 0:00:21]} Rad8 {[%emt 0:00:
57]} 15. Qh3 {[%emt 0:00:22]} e5 {[%emt 0:01:13]} 16. fxe5 {[%emt 0:05:07]}
dxe5 {[%emt 0:00:17]} 17. Kh1 {[%emt 0:00:08]} Bc8 {[%emt 0:02:05]} 18. Qg3 {
[%emt 0:00:06]} Nh5 {[%emt 0:00:27]} 19. Qf3 {[%emt 0:01:19]} Nf4 {[%emt 0:00:
17]} 20. Bc4 {[%emt 0:00:01]} Bd6 {[%emt 0:03:52]} 21. g3 {[%emt 0:01:18]} Ne6
{[%emt 0:00:28]} 22. Nd5 {[%emt 0:00:07]} Qb7 {[%emt 0:00:22]} 23. Ne3 {
[%emt 0:03:21]} Ng5 {[%emt 0:01:26]} 24. Qe2 {[%emt 0:00:34]} Qxe4+ {[%emt 0:
00:31]} 25. Ng2 {[%emt 0:00:02]} Qxe2 {[%emt 0:00:26]} 26. Bxe2 {[%emt 0:00:02]
} Bb7 {[%emt 0:00:06]} 27. h4 {[%emt 0:00:27]} Ne6 {[%emt 0:00:39]} 28. c3 {
[%emt 0:00:21]} e4 {[%emt 0:00:38]} 29. Kh2 {[%emt 0:00:02]} Nc7 {[%emt 0:00:
04]} 30. Ne3 {[%emt 0:00:06]} Nd5 {[%emt 0:00:20]} 31. Nc4 {[%emt 0:00:30]} Bc7
{[%emt 0:00:03]} 32. Rad1 {[%emt 0:00:02]} f5 {[%emt 0:00:10]} 33. Kg2 {
[%emt 0:01:04]} f4 {[%emt 0:00:11]} 34. Bg4 {[%emt 0:00:01]} f3+ {[%emt 0:00:
12]} 35. Kf2 {[%emt 0:00:02]} Nf6 {[%emt 0:00:05]} 36. Be6+ {[%emt 0:00:05]}
Kh8 {[%emt 0:00:01]} 37. Ne3 {[%emt 0:00:15]} Nh5 {[%emt 0:00:25]} 38. Nf5 {
[%emt 0:00:06]} Be5 {[%emt 0:00:04]} 39. Ba3 {[%emt 0:00:37]} Rxd1 {[%emt 0:00:
23]} 40. Rxd1 {[%emt 0:00:02]} g6 {[%emt 0:00:00]} 41. Bxc5 {[%emt 0:00:19]}
Re8 {[%emt 0:00:21]} 42. Bd4 {[%emt 0:00:57]} Bxd4+ {[%emt 0:00:12]} 43. Nxd4 {
[%emt 0:00:02]} Ng7 {[%emt 0:00:02]} 44. Bd7 {[%emt 0:00:22]} e3+ {[%emt 0:00:
04]} 45. Kg1 {[%emt 0:00:02]} Rf8 {[%emt 0:00:06]} 46. Bg4 {[%emt 0:00:10]} h5
{[%emt 0:00:13]} 47. Bxf3 {[%emt 0:00:01]} Bxf3 {[%emt 0:00:02]} 48. Rf1 {
[%emt 0:00:01]} e2 {[%emt 0:00:16]} 49. Nxe2 {[%emt 0:00:01]} Kg8 {[%emt 0:00:
09]} 50. Nf4 {[%emt 0:00:05]} Be4 {[%emt 0:00:07]} 51. Re1 {[%emt 0:00:03]} Bf5
{[%emt 0:00:04]} 52. b4 {[%emt 0:00:13]} Rc8 {[%emt 0:00:38]} 53. Nd5 {[%emt 0:
00:02]} Rd8 {[%emt 0:00:01]} 54. c4 {[%emt 0:00:10]} Be6 {[%emt 0:00:06]} 55.
Ne7+ {[%emt 0:00:02]} Kf7 56. Nc6 {[%emt 0:00:02]} Rd2 {[%emt 0:00:13]} 57. b5
{[%emt 0:00:04]} axb5 {[%emt 0:00:13]} 58. axb5 {[%emt 0:00:11]} Nf5 {[%emt 0:
00:26]} 59. b6 {[%emt 0:00:01]} Nxg3 {[%emt 0:00:04]} 60. Re3 {[%emt 0:00:43]}
Ne2+ {[%emt 0:00:11]} 61. Kf1 {[%emt 0:00:03]} Nd4 {[%emt 0:00:15]} 62. Nd8+ {
[%emt 0:00:57]} Ke7 {[%emt 0:00:08]} 63. Nxe6 {[%emt 0:00:03]} Nxe6 {[%emt 0:
00:03]} 64. c5 {[%emt 0:00:03]} Rb2 {[%emt 0:00:13]} 65. Rc3 {[%emt 0:00:26]}
Nxc5 {[%emt 0:00:09]} 66. Rxc5 {[%emt 0:00:01]} Rxb6 {[%emt 0:00:01]} 67. Kg2 {
[%emt 0:00:09]} Rb4 {[%emt 0:00:10]} 68. Kg3 {[%emt 0:00:02]} Kf6 {[%emt 0:00:
08]} 69. Rc6+ {[%emt 0:00:01]} Kf5 {[%emt 0:00:07]} 70. Rc3 {[%emt 0:00:45]}
Rg4+ {[%emt 0:00:15]} 71. Kh3 {[%emt 0:00:01]} Re4 {[%emt 0:00:06]} 72. Rf3+ {
[%emt 0:00:06]} Rf4 {[%emt 0:00:08]} 73. Kg3 {[%emt 0:00:19]} Rxf3+ {[%emt 0:
00:21]} 74. Kxf3 {[%emt 0:00:02]} Ke5 {[%emt 0:00:02]} 75. Ke3 {[%emt 0:00:01]}
Kf5 {[%emt 0:00:17]} 76. Kf3 {[%emt 0:00:01]} Ke6 {[%emt 0:00:06]} 77. Ke2 {
[%emt 0:00:01]} Kf6 {[%emt 0:00:04]} 78. Kf2 {[%emt 0:00:01]} Ke5 1/2-1/2